Extreme Natural Events (Record no. 592586)
[ view plain ]
| 000 -LEADER | |
|---|---|
| fixed length control field | 00366nam a22001337a 4500 |
| 020 ## - INTERNATIONAL STANDARD BOOK NUMBER | |
| International Standard Book Number | 9789811925108 |
| 040 ## - CATALOGING SOURCE | |
| Transcribing agency | NUST |
| 082 ## - DEWEY DECIMAL CLASSIFICATION NUMBER | |
| Classification number | 363.34 |
| Author Mark | UNN |
| 100 ## - MAIN ENTRY--PERSONAL NAME | |
| Personal name | A.S.Unnikrishnan |
| 9 (RLIN) | 104070 |
| 245 ## - TITLE STATEMENT | |
| Title | Extreme Natural Events |
| Remainder of title | sustainable solutions for developing countries |
| 260 ## - PUBLICATION, DISTRIBUTION, ETC. | |
| Place of publication, distribution, etc. | sigapore |
| Name of publisher, distributor, etc. | Springer |
| Date of publication, distribution, etc. | 2022 |
| 300 ## - PHYSICAL DESCRIPTION | |
| Extent | xiv,455,: |
| Other physical details | ill |
| Dimensions | 25cm |
| 942 ## - ADDED ENTRY ELEMENTS (KOHA) | |
| Source of classification or shelving scheme | |
| Koha item type | Book |
| Withdrawn status | Lost status | Source of classification or shelving scheme | Damaged status | Not for loan | Permanent Location | Current Location | Date acquired | Total Checkouts | Full call number | Barcode | Date last seen | Price effective from | Koha item type |
|---|---|---|---|---|---|---|---|---|---|---|---|---|---|
| School of Civil and Environmental Engineering (SCEE) | School of Civil and Environmental Engineering (SCEE) | 12/05/2022 | 363.34 UNN | 13626 | 12/05/2022 | 12/05/2022 | Book |
